Portugal. The Man Songs - Statistics

General Stats
  • This quiz has been taken 42 times
    13 since last reset
  • The average score is 33 of 106
Answer Stats
Album Track Answer % Correct
Woodstock 4 Feel it Still
90%
Evil Friends 3 Evil Friends
70%
Evil Friends 12 Smile
70%
In The Mountain In The Cloud 1 So American
70%
Evil Friends 6 Atomic Man
60%
Evil Friends 2 Creep in a T-Shirt
60%
The Satanic Satanist 1 People Say
60%
Dummy
50%
In The Mountain In The Cloud 2 Floating (Time Isn't Working By My Side)
50%
Grim Generation
50%
Evil Friends 9 Holy Roller (Hallelujah)
50%
Evil Friends 1 Plastic Soldiers
50%
Woodstock 5 Rich Friends
50%
In The Mountain In The Cloud 11 Sleep Forever
50%
Summer of Luv
50%
Evil Friends 8 Waves
50%
Anxiety:Clarity
40%
Woodstock 2 Easy Tiger
40%
Ghost Town
40%
Heavy Games II
40%
Evil Friends 5 Hip Hop Kids
40%
Woodstock 6 Keep On
40%
Woodstock 3 Live in the Moment
40%
Evil Friends 4 Modern Jesus
40%
The Satanic Satanist 11 Mornings
40%
Woodstock 10 Noise Pollution
40%
Woodstock 1 Number One
40%
In The Mountain In The Cloud 9 Once Was One
40%
Plastic Island
40%
Evil Friends 11 Purple Yellow Red and Blue
40%
Evil Friends 7 Sea of Air
40%
In The Mountain In The Cloud 4 Senseless
40%
The Satanic Satanist 4 The Sun
40%
Thunderdome [W.T.A]
40%
Woodstock 9 Tidal Wave
40%
American Ghetto 5 1000 Years
30%
American Ghetto 3 60 Years
30%
Censored Colors 13 All Mine
30%
American Ghetto 4 All My People
30%
In The Mountain In The Cloud 8 All Your Light (Times Like These)
30%
Champ
30%
Church Mouth 1 Church Mouth
30%
Censored Colors 2 Colors
30%
Censored Colors 5 Created
30%
Doubt
30%
In The Mountain In The Cloud 7 Everything You See (Kids Count Hallelujahs)
30%
In The Mountain In The Cloud 3 Got It All (This Can't Be Living Now)
30%
The Satanic Satanist 7 Guns & Dogs
30%
In The Mountain In The Cloud 5 Head is a Flame (Cool With It)
30%
The Satanic Satanist 10 Let You Down
30%
The Satanic Satanist 3 Lovers in Love
30%
Woodstock 8 Mr Lonely
30%
Censored Colors 9 Never Pleased
30%
In The Mountain In The Cloud 10 Share with Me the Sun
30%
Evil Friends 10 Someday Believers
30%
Woodstock 7 So Young
30%
The Satanic Satanist 5 The Home
30%
American Ghetto 7 The Pushers Party
30%
The Satanic Satanist 6 The Woods
30%
Time's A Fantasy
30%
Waiter: "You Vultures!" 7 Waiter
30%
American Ghetto 11 When the War Ends
30%
In The Mountain In The Cloud 6 You Carried Us (Share with Me the Sun)
30%
Censored Colors 14 1989
20%
Waiter: "You Vultures!" 4 AKA M80 the Wolf
20%
Censored Colors 3 And I
20%
Waiter: "You Vultures!" 9 Bad Bad Levi Brown
20%
American Ghetto 2 Break
20%
Waiter: "You Vultures!" 8 Chicago
20%
Church Mouth 9 Children
20%
American Ghetto 8 Do What We Do
20%
Waiter: "You Vultures!" 6 Elephants
20%
The Satanic Satanist 9 Everyone Is Golden
20%
American Ghetto 6 Fantastic Pace
20%
Waiter: "You Vultures!" 2 Gold Fronts
20%
Waiter: "You Vultures!" 13 Guns. Guns... Guns
20%
Censored Colors 11 Hard Times
20%
Waiter: "You Vultures!" 12 Horse Warming Party
20%
Waiter: "You Vultures!" 1 How the Leopard Got Its Spots
20%
Censored Colors 7 Intermission
20%
American Ghetto 9 Just a Fool
20%
Waiter: "You Vultures!" 10 Kill Me. The King
20%
Censored Colors 1 Lay Me Back Down
20%
Waiter: "You Vultures!" 5 Marching With 6
20%
Church Mouth 4 My Mind
20%
Censored Colors 8 New Orleans
20%
Censored Colors 12 Our Times
20%
Censored Colors 15 Our Way
20%
Censored Colors 4 Salt
20%
Church Mouth 11 Sleeping Sleepers Sleep
20%
Waiter: "You Vultures!" 3 Stables and Chairs
20%
Church Mouth 2 Sugar Cinnamon
20%
Church Mouth 12 Sun Brother
20%
Church Mouth 3 Telling Tellers Tell Me
20%
Church Mouth 10 The Bottom
20%
American Ghetto 1 The Dead Dog
20%
Waiter: "You Vultures!" 11 Tommy
20%
The Satanic Satanist 2 Work All Day
20%
Church Mouth 8 Bellies Are Full
10%
Church Mouth 6 Dawn
10%
The Satanic Satanist 8 Do You
10%
Church Mouth 7 Oh Lord
10%
Censored Colors 6 Out and In and In and Out
10%
Church Mouth 5 Shade
10%
Censored Colors 10 Sit Back and Dream
10%
American Ghetto 10 Some Men
10%
No matching quizzes found
Score Distribution
Percent of People with Each Score
Percentile by Number Answered
Your Score History
You have not taken this quiz since the last reset